[Event "IECC P email"]
[Site "IECC email"]
[Date "2003.02.14"]
[Round "?"]
[White "Fuentes, Javier"]
[Black "Mehrabian, Abbas"]
[Result "1-0"]
[WhiteElo "1207"]
[BlackElo "1326"]
[PlyCount "39"]
[EventDate "2003.??.??"]
[EventType "tourn (corr)"]
[EventRounds "6"]
[SourceTitle "Corr 2008"]
[Source "ChessBase"]
[SourceDate "2008.06.24"]
[SourceVersion "1"]
[SourceVersionDate "2008.06.24"]
[SourceQuality "1"]

1. d4 Nf6 2. c4 g6 3. Nc3 Bg7 4. Nf3 0-0 5. Bf4 d6 6. e3 Nh5 7. Bg5 f6 8. Bh4 Bg4 9. Be2 Nd7 10. 0-0 g5 11. Bg3 f5 12. Nxg5 Nxg3 13. fxg3 e5 14. Ne6 Bxe2 15. Nxe2 Qe7 16. Nxc7 Rac8 17. Nd5 Qg5 18. Qa4 Nb6 19. Qb3 Rxc4 20. Nxb6 1-0

[Event "IECC P email"]
[Site "IECC email"]
[Date "2002.12.22"]
[Round "?"]
[White "Bladyko, Pawel"]
[Black "Mehrabian, Abbas"]
[Result "1-0"]
[WhiteElo "1493"]
[BlackElo "1328"]
[PlyCount "25"]
[EventDate "2002.??.??"]
[EventType "tourn (corr)"]
[EventRounds "6"]
[SourceTitle "Corr 2008"]
[Source "ChessBase"]
[SourceDate "2008.06.24"]
[SourceVersion "1"]
[SourceVersionDate "2008.06.24"]
[SourceQuality "1"]

1. e4 e5 2. Nf3 Nf6 3. d4 Nxe4 4. Nxe5 d6 5. Nf3 d5 6. Bd3 Bd6 7. 0-0 Bg4 8. Re1 f5 9. h3 Bh5 10. g4 fxg4 11. Bxe4 dxe4 12. Rxe4+ Be7 13. Bg5 1-0

[Event "IECC M email"]
[Site "IECC email"]
[Date "2002.07.31"]
[Round "?"]
[White "Mehrabian, Abbas"]
[Black "Barrer, Michel"]
[Result "0-1"]
[WhiteElo "1368"]
[BlackElo "1378"]
[PlyCount "42"]
[EventDate "2002.??.??"]
[EventType "tourn (corr)"]
[EventRounds "6"]
[SourceTitle "Corr 2008"]
[Source "ChessBase"]
[SourceDate "2008.06.24"]
[SourceVersion "1"]
[SourceVersionDate "2008.06.24"]
[SourceQuality "1"]

1. e4 e5 2. Nf3 Nf6 3. Nxe5 d6 4. Nf3 Nxe4 5. Nc3 Nxc3 6. dxc3 Be7 7. Bc4 Bg4 8. Qd4 Bxf3 9. Qxg7 Rf8 10. gxf3 a6 11. Bh6 Nd7 12. 0-0-0 c6 13. Rde1 b5 14. Bb3 a5 15. Bg5 Ne5 16. Bxe7 Qxe7 17. f4 a4 18. fxe5 0-0-0 19. exd6 Qd7 20. Re7 Qxd6 21. Rxf7 Qd2+ 0-1

[Event "IECC CL6-2002.22"]
[Site "IECC email"]
[Date "2002.07.17"]
[Round "?"]
[White "Mehrabian, Abbas"]
[Black "Van Gimst, Herman"]
[Result "1-0"]
[WhiteElo "1364"]
[BlackElo "1314"]
[PlyCount "69"]
[EventDate "2002.??.??"]
[EventType "tourn (corr)"]
[EventRounds "4"]
[SourceTitle "Corr 2008"]
[Source "ChessBase"]
[SourceDate "2008.06.24"]
[SourceVersion "1"]
[SourceVersionDate "2008.06.24"]
[SourceQuality "1"]

1. e4 c5 2. Nf3 e6 3. d4 cxd4 4. Nxd4 Nf6 5. Nc3 Bb4 6. Bd3 0-0 7. 0-0 e5 8. Nf5 d6 9. Bg5 Nbd7 10. Nd5 Re8 11. Bb5 h6 12. Bxf6 Nxf6 13. Nxb4 Bxf5 14. Bxe8 Bxe4 15. Ba4 Qb6 16. c3 Bf5 17. Bb3 a5 18. Nd5 Nxd5 19. Qxd5 Be6 20. Qd1 Bxb3 21. Qxb3 Qc6 22. Rad1 a4 23. Qa3 Rd8 24. Rd2 d5 25. Re1 f6 26. Red1 b5 27. Qb4 Kh7 28. Qg4 g6 29. Qf3 e4 30. Qe3 f5 31. Rd4 g5 32. Qd2 g4 33. Rxd5 Rxd5 34. Qxd5 Qe8 35. Qd7+ 1-0

[Event "IECC CL5-2001.30"]
[Site "IECC email"]
[Date "2001.11.01"]
[Round "?"]
[White "Mehrabian, Abbas"]
[Black "Che, Tai"]
[Result "1-0"]
[WhiteElo "1364"]
[BlackElo "1483"]
[PlyCount "89"]
[EventDate "2001.??.??"]
[EventType "tourn (corr)"]
[EventRounds "4"]
[SourceTitle "Corr 2008"]
[Source "ChessBase"]
[SourceDate "2008.06.24"]
[SourceVersion "1"]
[SourceVersionDate "2008.06.24"]
[SourceQuality "1"]

1. e4 e5 2. Nf3 Nc6 3. Bb5 a6 4. Bxc6 dxc6 5. d3 Nf6 6. Nxe5 Be7 7. 0-0 0-0 8. Bg5 h6 9. Bh4 Qd4 10. Nc4 b5 11. c3 Qd8 12. Ne5 Bb7 13. Nd2 Nd7 14. Bxe7 Qxe7 15. Nxd7 Qxd7 16. d4 Rfe8 17. Re1 Rad8 18. Nf3 Qg4 19. Ne5 Qxd1 20. Raxd1 c5 21. f3 cxd4 22. Rxd4 c5 23. Rxd8 Rxd8 24. Kf2 f6 25. Ng4 Kf7 26. Ke3 a5 27. Nf2 Bc6 28. Rd1 Rxd1 29. Nxd1 Ke6 30. Kf4 h5 31. g4 g5+ 32. Ke3 hxg4 33. fxg4 Kd6 34. Nf2 a4 35. Nd3 Bd7 36. Kf3 Be6 37. a3 Bc4 38. Ne1 Ke5 39. Ng2 Bb3 40. Ne3 Be6 41. Nf5 Bxf5 42. exf5 Kd5 43. Kg3 Ke4 44. h4 gxh4+ 45. Kxh4 1-0